000 00324nam a2200121Ia 4500
008 240731s9999 xx 000 0 und d
022 _a2164-7313
245 0 _aJournal of Current Issues & Research in Advertising
260 _bRoutledge
856 _uhttps://www.tandfonline.com/loi/ujci20
942 _2ddc
942 _cTFEJ
999 _c77604
_d77604
945 _a1
_bMadushi Gamage
_c1
_dMadushi Gamage